MARC

LEADER 00000nam0a2200000 4500
001 328868
005 20231102004114.0
035 |a (RuTPU)RU\TPU\book\354597 
090 |a 328868 
100 |a 20170227d1977 k y0rusy50 ca 
101 0 |a rus 
102 |a RU 
105 |a a z 001zy 
200 1 |a Вопросы интенсификации эксплуатационной работы железных дорог  |e [сборник]  |f Ленинградский институт инженеров железнодорожного транспорта ; под ред. А. К. Угрюмова 
210 |a Ленинград  |c Изд-во ЛИИЖТ  |d 1977 
215 |a 196 с.  |c ил. 
225 1 |a Сборник трудов [Ленинградского института инженеров железнодорожного транспорта]  |v Вып. 412 
320 |a Библиография в конце статей 
606 1 |a Железные дороги  |x Эксплуатация  |2 stltpush  |3 (RuTPU)RU\TPU\subj\10443  |9 37515 
610 1 |a эксплуатационная работа 
610 1 |a автоматизация 
610 1 |a планирование 
610 1 |a управление 
610 1 |a железодорожные перевозки 
610 1 |a организация 
610 1 |a железодорожные станции 
610 1 |a проектирование 
675 |a 656.21  |v 4 
702 1 |a Угрюмов  |b А. К.  |4 340 
712 0 2 |a Ленинградский институт инженеров железнодорожного транспорта (ЛИИЖТ)  |2 stltpush  |3 (RuTPU)RU\TPU\col\8504 
801 1 |a RU  |b 63413507  |c 20170227 
801 2 |a RU  |b 63413507  |c 20170315  |g RCR 
942 |c BK